LEADER 03492nas a2200757 i 4500
001 nkc20152731612
003 CZ PrNK
005 20190212083058.0
007 ta
008 150917d20142017xr ar 1 b1cze
015 |a cnb002731612  |z cnb002720874  |z cnb002615274 
035 |a (OCoLC)894845032 
035 |a (OCoLC)923588407 
040 |a ABA001  |b cze  |d BOA001  |e rda 
041 0 |a cze  |a eng 
072 7 |a 004.9  |x Speciální počítačové metody. Počítačová grafika  |2 Konspekt  |9 23 
080 |a 528:004.6  |2 MRF 
080 |a 004:91  |2 MRF 
080 |a 712  |2 MRF 
080 |a 004.9:91  |2 MRF 
080 |a (062.534)  |2 MRF 
080 |a (048.3)  |2 MRF 
111 2 |a GIS a životní prostředí (konference)  |7 ko2015885878  |4 aut 
245 1 0 |a GIS a životní prostředí ... :  |b sborník odborné konference /  |c České vysoké učení technické v Praze, Fakulta stavební, katedra hydromeliorací a krajinného inženýrství, katedra geomatiky 
246 1 |i Název v tiráži:  |a Sborník abstraktů konference GIS a životní prostředí ... 
264 1 |a V Praze :  |b České vysoké učení technické,  |c [2014]-2017 
300 |a 3 svazky ;  |c 25-26 cm 
310 |a 1x ročně 
336 |a text  |b txt  |2 rdacontent 
337 |a bez média  |b n  |2 rdamedia 
338 |a svazek  |b nc  |2 rdacarrier 
362 0 |a 2014-2017 
500 |a Název z obálky 
500 |a Součástí názvu je označení běžného roku 
541 |c pv-r 
500 |a Místo konání akce se mění 
500 |a Jednotlivé svazky mají ISBN 
588 |a Popsáno podle: 2015  |5 CZ-PrNK 
650 0 7 |a geomatika  |7 ph549198  |2 czenas 
650 0 7 |a geoinformatika  |7 ph340655  |2 czenas 
650 0 7 |a krajinné inženýrství  |7 ph121924  |2 czenas 
650 0 7 |a geografické informační systémy  |7 ph114617  |2 czenas 
650 0 9 |a geomatics  |2 eczenas 
650 0 9 |a geoinformatics  |2 eczenas 
650 0 9 |a landscape engineering  |2 eczenas 
650 0 9 |a geographical information systems  |2 eczenas 
655 7 |a sborníky konferencí  |7 fd133333  |2 czenas 
655 7 |a abstrakta  |7 fd131780  |2 czenas 
655 9 |a proceedings of conferences  |2 eczenas 
655 9 |a abstracts  |2 eczenas 
710 2 |a České vysoké učení technické v Praze.  |b Katedra hydromeliorací a krajinného inženýrství  |7 xx0009244  |4 orm 
710 2 |a České vysoké učení technické v Praze.  |b Katedra geomatiky  |7 ctu2014830393  |4 orm 
710 2 |a Česká zemědělská univerzita v Praze.  |b Katedra vodního hospodářství a environmentálního modelování  |7 mzk2006358032  |4 orm 
710 2 |a Univerzita Karlova.  |b Katedra fyzické geografie a geoekologie  |7 xx0006000  |4 orm 
785 0 0 |t Hydrologie, GIS a životní prostředí ... 
902 |a 978-80-01-05498-7  |q (2014 ;  |q brožováno) 
902 |a 978-80-01-05717-9  |q (2015 ;  |q brožováno) 
902 |a 978-80-01-05920-3  |q (2016 ;  |q brožováno) 
902 |a 978-80-01-06129-9  |q (2017 ;  |q brožováno) 
910 2 |a BOA001  |b 2-1335.499  |s 2014- 
990 |a SE 
995 |a 01 
996 6 |b 2610612279  |c 2-1335.499  |d 2014  |y 2014  |l MZK  |r Sklad / do 1 hodiny  |n 1  |p p.v.  |w 001472334  |u 000010  |a 1  |e BOA001  |j MZK50  |s P 
996 6 |b 2610639657  |c 2-1335.499  |d 2015  |y 2015  |l MZK  |r Sklad / do 1 hodiny  |n 1  |p p.v.  |w 001472334  |u 000020  |a 1  |e BOA001  |j MZK50  |s P 
996 6 |b 2610672474  |c 2-1335.499  |d 2016  |y 2016  |l MZK  |r Sklad / do 1 hodiny  |n 0  |p p.v.  |w 001472334  |u 000030  |a 1  |e BOA001  |j MZK50  |s P 
996 6 |b 2610708490  |c 2-1335.499  |d 2017  |y 2017  |l MZK  |r Sklad / do 1 hodiny  |n 1  |p p.v.  |w 001472334  |u 000040  |a 1  |e BOA001  |j MZK50  |s P